[Event "Lombardia Region-ch"]
[Site "Solaro"]
[Date "2010.05.28"]
[Round "1"]
[White "Revinelli, Sergio"]
[Black "Molinelli, Luigi"]
[Result "1-0"]
[WhiteElo "1836"]
[BlackElo "1092"]
[PlyCount "53"]
[EventDate "2010.05.28"]
[EventType "swiss"]
[EventRounds "5"]
[EventCountry "ITA"]
[SourceTitle "EXT 2024"]
[Source "ChessBase"]
[SourceDate "2023.10.10"]
[SourceVersion "1"]
[SourceVersionDate "2023.10.10"]
[SourceQuality "1"]

1. e4 c5 2. Nf3 Nc6 3. d4 cxd4 4. Nxd4 Nf6 5. Nc3 Qb6 6. Nb3 e6 7. Be3 Qd8 8. Be2 Bb4 9. Qd3 0-0 10. 0-0 a6 11. f4 d6 12. Bf3 Re8 13. a3 Bxc3 14. Qxc3 Bd7 15. Rad1 Qb8 16. Qd2 d5 17. e5 Qd8 18. exf6 Qxf6 19. c3 Ne7 20. Nd4 Ng6 21. Be2 Qd8 22. Nf3 f5 23. Bd4 e5 24. Bxe5 Qe7 25. Qxd5+ Be6 26. Qd6 Qf7 27. Ng5 1-0

[Event "Como Province-ch"]
[Site "Villa Guardia"]
[Date "2010.01.31"]
[Round "6"]
[White "Raineri, Roberto"]
[Black "Revinelli, Sergio"]
[Result "0-1"]
[WhiteElo "1677"]
[BlackElo "1850"]
[PlyCount "120"]
[EventDate "2010.01.23"]
[EventType "swiss"]
[EventRounds "6"]
[EventCountry "ITA"]
[SourceTitle "EXT 2024"]
[Source "ChessBase"]
[SourceDate "2023.10.10"]
[SourceVersion "1"]
[SourceVersionDate "2023.10.10"]
[SourceQuality "1"]

1. d4 d5 2. c4 c6 3. Nc3 e6 4. e4 dxe4 5. Nxe4 Bb4+ 6. Bd2 Qxd4 7. Bxb4 Qxe4+ 8. Be2 Na6 9. Ba5 b6 10. Bc3 Ne7 11. Qd6 Nf5 12. Qa3 Nd4 13. Bxd4 Qxd4 14. Rd1 Qc5 15. Qxc5 Nxc5 16. Bf3 Bb7 17. Rd6 Ke7 18. Rd1 Rad8 19. Nh3 Rxd1+ 20. Kxd1 Rd8+ 21. Kc2 Nd3 22. Be4 Ne5 23. Kc3 h6 24. f3 Ba8 25. Re1 Nd7 26. b4 c5 27. Bxa8 Rxa8 28. b5 Rd8 29. Nf2 Nf6 30. a4 Rd6 31. Ra1 Rd7 32. a5 Ne8 33. a6 Nd6 34. Nd3 f6 35. g4 Nc8 36. h3 Rd4 37. Nb4 Rd7 38. Nc6+ Kf7 39. Ra2 Ne7 40. Nxe7 Kxe7 41. Rd2 Rxd2 42. Kxd2 Kd6 43. Ke3 g5 44. Ke4 Ke7 45. f4 gxf4 46. Kxf4 Kf7 47. h4 h5 48. gxh5 Kg7 49. Kg3 Kh6 50. Kg4 f5+ 51. Kf4 Kxh5 52. Ke5 Kxh4 53. Kd6 f4 54. Kc7 f3 55. Kb7 f2 56. Kxa7 f1Q 57. Kxb6 Qxc4 58. a7 Qa4 59. Kb7 Qxb5+ 60. Ka8 Qa6 0-1

[Event "Como Province-ch"]
[Site "Villa Guardia"]
[Date "2010.01.24"]
[Round "4"]
[White "Guzzetti, Luigi Enrico"]
[Black "Revinelli, Sergio"]
[Result "1/2-1/2"]
[WhiteElo "1887"]
[BlackElo "1850"]
[PlyCount "86"]
[EventDate "2010.01.23"]
[EventType "swiss"]
[EventRounds "6"]
[EventCountry "ITA"]
[SourceTitle "EXT 2024"]
[Source "ChessBase"]
[SourceDate "2023.10.10"]
[SourceVersion "1"]
[SourceVersionDate "2023.10.10"]
[SourceQuality "1"]

1. e4 e5 2. Nf3 Nc6 3. Bb5 f5 4. d4 fxe4 5. Bxc6 dxc6 6. Nxe5 Qh4 7. Be3 Nf6 8. Qd2 Be6 9. Nc3 Bb4 10. a3 Bd6 11. 0-0-0 0-0-0 12. Bg5 Qh5 13. Qe3 Rde8 14. h3 Bxe5 15. dxe5 Nd5 16. Nxd5 cxd5 17. g4 Qg6 18. Bh4 Kb8 19. Bg3 Qf7 20. b4 Qd7 21. Kb2 Qb5 22. Rhe1 Rhf8 23. Qd2 Rf3 24. Re3 Ref8 25. Rde1 h6 26. Rxf3 Rxf3 27. Re3 Rxe3 28. Qxe3 Qc4 29. Qc3 b5 30. Qxc4 bxc4 31. Kc3 Kb7 32. Kd4 Kc6 33. a4 h5 34. gxh5 Bxh3 35. Bf4 Bg4 36. h6 gxh6 37. Bxh6 Be6 38. c3 Bf7 39. Ke3 Be6 40. f3 exf3 41. Kxf3 Kb6 42. Bf8 Kc6 43. Bc5 Kd7 1/2-1/2

[Event "Senigallia Perini Memorial 3rd"]
[Site "Senigallia"]
[Date "2009.08.06"]
[Round "6"]
[White "Padovani, Alessio"]
[Black "Revinelli, Sergio"]
[Result "1/2-1/2"]
[WhiteElo "1991"]
[BlackElo "1856"]
[PlyCount "129"]
[EventDate "2009.08.01"]
[EventType "swiss"]
[EventRounds "9"]
[EventCountry "ITA"]
[SourceTitle "EXT 2010"]
[Source "ChessBase"]
[SourceDate "2010.11.25"]
[SourceVersion "1"]
[SourceVersionDate "2010.11.25"]
[SourceQuality "1"]

1. d4 d5 2. Bf4 c5 3. e3 Nc6 4. c3 Qb6 5. Qb3 c4 6. Qc2 Bf5 7. Qc1 Qa5 8. Nf3 Nf6 9. Nh4 Bd7 10. Nd2 h6 11. Nhf3 Bf5 12. b4 Qd8 13. a4 b6 14. Ne5 Qc8 15. Be2 e6 16. Nxc6 Qxc6 17. h3 Bd6 18. Be5 a6 19. Nf3 Rc8 20. Bd1 Bd3 21. Bxd6 Qxd6 22. a5 b5 23. Nd2 0-0 24. Bc2 e5 25. Bxd3 cxd3 26. 0-0 Ne4 27. Nxe4 dxe4 28. Qd2 f5 29. f4 exd4 30. exd4 Rc4 31. g4 Qe6 32. Rae1 g6 33. Qxd3 Qc8 34. Qd2 Rxc3 35. gxf5 gxf5 36. Rc1 Rc7 37. Kh2 Rff7 38. Rc5 Qd8 39. Rg1+ Kh7 40. Rxc7 Qxc7 41. Rc1 Qd8 42. Rg1 Qd6 43. Qe3 Rg7 44. Rxg7+ Kxg7 45. Qd2 Qd5 46. Qc3 Qc4 47. Qd2 Qd5 48. Kg3 Qb3+ 49. Kg2 Qf3+ 50. Kh2 Kf6 51. d5 e3 52. Qc3+ Kf7 53. Qc7+ Kf8 54. Qc8+ Ke7 55. Qe6+ Kd8 56. Qf6+ Ke8 57. Qc6+ Kf8 58. Qc8+ Ke7 59. Qb7+ Kf8 60. Qa8+ Kf7 61. Qb7+ Kf8 62. Qc8+ Ke7 63. Qe6+ Kd8 64. Qd6+ Ke8 65. Qe6+ 1/2-1/2

[Event "Senigallia Perini Memorial 3rd"]
[Site "Senigallia"]
[Date "2009.08.02"]
[Round "2"]
[White "Altini, Nicola"]
[Black "Revinelli, Sergio"]
[Result "1-0"]
[WhiteElo "2078"]
[BlackElo "1856"]
[PlyCount "91"]
[EventDate "2009.08.01"]
[EventType "swiss"]
[EventRounds "9"]
[EventCountry "ITA"]
[SourceTitle "EXT 2010"]
[Source "ChessBase"]
[SourceDate "2010.11.25"]
[SourceVersion "1"]
[SourceVersionDate "2010.11.25"]
[SourceQuality "1"]

1. Nf3 d5 2. g3 c5 3. Bg2 Nc6 4. d3 Nf6 5. 0-0 e5 6. Nbd2 Bd6 7. e4 d4 8. a4 0-0 9. Nc4 Bc7 10. Nh4 a6 11. Nf5 Ne7 12. a5 Rb8 13. Nxe7+ Qxe7 14. f4 Bg4 15. Qe1 Nd7 16. f5 f6 17. h3 Bh5 18. g4 Bf7 19. h4 Ra8 20. Rf3 b5 21. axb6 Bxb6 22. g5 Rfb8 23. Rg3 Kf8 24. Qe2 Bxc4 25. dxc4 Qf7 26. g6 Qg8 27. gxh7 Qxh7 28. h5 Ke7 29. Raa3 Rh8 30. h6 gxh6 31. Rg6 Qf7 32. Rag3 Rag8 33. Bxh6 Kd6 34. Bg7 Rh7 35. Qg4 Nf8 36. Rxf6+ Qxf6 37. Bxf6 Rxg4 38. Rxg4 Nd7 39. Rg6 Kc7 40. Bg7 Kd8 41. Bxe5 Nxe5 42. Rxb6 Nxc4 43. Rxa6 Rc7 44. f6 Ke8 45. e5 Nxe5 46. Re6+ 1-0